Facetas de la crítica: ensayos sobre literatura y escritores norteamericanos
Αποθηκεύτηκε σε:
| Κύριος συγγραφέας: | |
|---|---|
| Μορφή: | Βιβλίο |
| Γλώσσα: | Undetermined |
| Έκδοση: |
México, Distrito Federal
Pax México
1972
|
| Θέματα: | |
| Ετικέτες: |
Προσθήκη ετικέτας
Δεν υπάρχουν, Καταχωρήστε ετικέτα πρώτοι!
|
MARC
| LEADER | 00000nam a2200000Ia 4500 | ||
|---|---|---|---|
| 008 | 170316s9999 xx 000 0 und d | ||
| 040 | |a cru BVZT | ||
| 090 | |a C-810 C-4f | ||
| 100 | |a Cowley, Malcolm | ||
| 245 | |a Facetas de la crítica: ensayos sobre literatura y escritores norteamericanos | ||
| 260 | |a México, Distrito Federal | ||
| 260 | |b Pax México | ||
| 260 | |c 1972 | ||
| 300 | |a 318 páginas | ||
| 650 | |a LITERATURA ESTADOUNIDENSE | ||
| 650 | |a CRÍTICA | ||
| 999 | |c 12835 |d 12835 | ||
| 942 | |c 15 D |h C-810 C-4f |2 z | ||
